MDQL
is popping MORE tags! Check the
thread
!
Quizzes
Events
Quiz Creation
Community
Videos
Private Events
Remove Ads
Sign In
Join for FREE
Feedback
Dark Mode
Quiz Categories
Sports
Geography
Music
Movies
Television
Just For Fun
Miscellaneous
History
Literature
Language
Science
Gaming
Entertainment
Religion
Holiday
For Kids
Quiz Lab
Recent
Popular Today
Quiz Kudos Today
Editor Picks
Curator Picks
Quizzes by...
Day
Popularity
Type
Ratings
Length
Year
Community
Subscriptions
Recent Discussions
Orange Saloon
Badges
Playlists
Quests
Create
Leaderboards
Showdown
Live 5
Trivia Bingo
Activity
Puzzle Library
Sporcle Events
Private Events
Virtual Trivia
Globe League
Become a Host
Pub Owners
SporcleCon
Opinionation
Our Games
Videos
Blog
Mobile Apps
Partnerships
Remove Ads and Go Orange
Feedback
Just For Fun
Clickable
Get the Picture
Humor
Quick Pick
Word Ladder
Missing Word
Mixed Word
Blitz
Minefield
This or That
Alphabet
Color
Typing
Sporcle
Puzzle
Word Play
Follow That Line
Logic
Just For Fun
Clickable
Get the Picture
Humor
Quick Pick
Word Ladder
Missing Word
Mixed Word
Blitz
Minefield
This or That
Alphabet
Color
Typing
Sporcle
Puzzle
Word Play
Follow That Line
Logic
Random Quiz
Search Sporcle
×
Quiz Lab
Quiz Lab
Just For Fun
room
Type in answers that appear in a list
Type in answers that appear in a list
Classic
Best Score? Go Orange.
Things in my room. Stats
Can you name the things?
By
whim
15m
77 Questions
102 Plays
102 Plays
102 Plays
Comments
Comments
Give Quiz Kudos
Give Quiz Kudos
-
- Ratings
hide this ad
More Info
Replay
Link that replays current quiz
Next Quiz
Link to next quiz in quiz playlist
You Got
0%
They Got
Avg Score
16%
Avg Friend Score
Upgrade to see
Score Distribution
Jump to the score distribution portion of the page
Score
0/77
Timer
15:00
0
Plays Today
% Correct
bed
91.2%
laptop
74.5%
desk
68.6%
lamp
63.7%
chair
55.9%
clothes
55.9%
books
52%
pillow
51%
window
50%
paper
43.1%
door
41.2%
digital talking clock
37.3%
shoes
36.3%
mirror
34.3%
pens
31.4%
pencils
31.4%
curtains
27.5%
ipod
26.5%
CDs
22.5%
wireless computer mouse
20.6%
glasses
20.6%
toothbrush
17.6%
psp games
15.7%
speakers
14.7%
rucksack
14.7%
bin, with funky cow design
13.7%
toothpaste
13.7%
money (British pounds)
12.7%
blinds
12.7%
coat
12.7%
soap
11.8%
painting on canvas
11.8%
playstation portable
11.8%
keys
10.8%
ruler
9.8%
light switch
9.8%
duvet
8.8%
headphones
8.8%
calculator
7.8%
% Correct
tennis shoes
7.8%
sink
7.8%
deodorant
6.9%
cupboard
6.9%
towl
4.9%
chest of drawers
4.9%
globe
3.9%
hairdryer
3.9%
glue
3.9%
textbooks
2.9%
radiator
2.9%
mouthwash
2.9%
glasses case
2.9%
revision notes
2%
ceiling light
2%
lip balm
2%
shoe boxes
2%
art materials
2%
camara
1%
college work
1%
cables
1%
the road by Cormac McCarthy
1%
pin board with time tables and important documentation
1%
sissors
1%
clipboard
1%
money (Euros)
1%
inflatable shark
1%
old shoes
1%
packaging for selling on ebay
1%
plug socket
1%
memories
1%
ipod charger
1%
things that I can not see... but I know are there!?!
1%
highlighter pens
0%
towl holder
0%
inflatable parot
0%
portable dvd player
0%
video camera
0%
Quiz Playlist
Details
Report
Send in Message
Add To Playlist
More Info:
I have listed down some of the things in my room. Can you guess what would be in an average teenage boy's bedroom?
Classic:
Type in answers that appear in a list
Last Updated: Feb 16, 2017
Quiz Scoreboard
CHALLENGE
Sign Up to Join the Scoreboard
Show All
Scores
Hide
Comments
May contain spoilers
Recently Published
Two Season TV Shows II
by 123Four
Television
10m
Image Sorting: Flags VI
by Barbecue
Geography
2m
Find the 'City' Movie
by crazypaving
Movies
60s
More to Explore
Quiz From the Vault
Featured Blog Post
14 Easter Pick-up Lines to Find Eggs With
hide this ad
You Might Also Like...
Tags
room
Today's Top Quizzes in Just For Fun
Browse Just For Fun
hide this ad
Today's Top Quizzes in room
Browse room
Top Contributed Quizzes in Just For Fun
1
Name Just One - 10 to 1: Just For Fun
2
Missing Word: 2-Letter A-Z II
3
Avatar the Last Airbender: Logic Puzzle
4
Missing Letter Whitney Houston Songs
5
Missing Word: 'Of' Things A-Z
6
It's Magic / Witchcraft 🎩🪄🧙♀️
7
Survivor Winners Logic Puzzle
8
Eurovision 2024 Countries Logic Puzzle
9
Killer Double Trees 224 - Colour Match-Up
10
Click the Differences: Playground
Explore More
Trending Topics
Disney
Harry Potter
Crossword
Anime
Kpop
NBA
Marvel
Song
Puzzle
WWE
Soccer
The Office
Country
NFL
Pokémon
hide this ad
More By:
whim
Quiz
Plays
Rating
Category
Featured
Created
Countries by Cuisine
820
2.78
Geography
Apr 4, 2010
modern day countries - Roman Empire
505
3.33
Geography
Apr 3, 2010
Lyrics to Bohemian Rhapsody
317
1.20
Music
Apr 3, 2010
Things in my room.
102
1.50
Just For Fun
Apr 2, 2010
Go to Creator's Profile
Score Distribution
Quiz Creator Spotlight
whim
Follow
Send a Message
Quizzes Created
-
Created Quiz Play Count
-
More By This Creator
Popular Quizzes Today
1
Find the US States - No Outlines Minefield
2
Colored Red Africa Blitz
3
Find the 'City' Movie
4
5x2 Blitz: Bands
5
The Countries of the World
6
Find the Countries of Europe - No Outlines Minefield
7
Find the US States
8
US States
More Just For Fun Quizzes
Missing Word: Billboard Hot 100 (2007)
Published
Trending Quizzes
Colored Red Europe Blitz I
Colored Red Africa Blitz II
Colored Red Europe Blitz II
Colored Red Europe Blitz III
Colored Red Africa Blitz III
Recently Updated
How Do You Spell That?
pecheneg
Godzilla Movies
pecheneg
Grab Bag: 4-10 Letters
pecheneg
2024 March Madness Bracket
pecheneg
Famous TV Couples
Peacemaker
Champions League XIs: Real Madrid
pecheneg
Largest US Cities 1790-2010
pecheneg
Rides in Walt Disney World
pecheneg
Most Oscar Losses (Acting)
pecheneg
Beyoncé Albums
pecheneg
Trending Topics
NBA
Disney
Marvel
Crossword
Harry Potter
Kpop
Anime
NFL
Puzzle
Country
WWE
Soccer
Pokémon
Song
The Office
Your Account Isn't Verified!
In order to create a playlist on Sporcle, you need to verify the email address you used during registration. Go to your
Sporcle Settings
to finish the process.
Report this User
Report this user for behavior that violates our
Community Guidelines
.
Details:
Send Report
Go to the Sporcle.com Mobile Site →
Comments